000 00559ntaaa2200193 4500
003 01
005 20251027202113.0
008 0714s1973 ag 01
040 _aAR-BaBN
_bspa
_cAR-BaBN
_eaacr
_dRIC
082 _a252.0820 Og5
100 _aOglietti, Héctor O
_919507
245 _aEl evangelio sobre los tejados
250 _a1 ed.
260 _aBuenos Aires :
_bProducciones Argentinas de Televisión, S.A.C.I.,
_c1966
300 _a256 p
500 _aMensajes presentados por televisión por un cura católico
650 _asermones
_9362
942 _cBK
999 _c15901
_d15901